[Event "El Prat de Llobregat op 4th"]
[Site "El Prat de Llobregat"]
[Date "2023.03.24"]
[Round "8"]
[White "Gonzalez Cuellar, Joel"]
[Black "Morales Garcia, Tomas"]
[Result "1-0"]
[WhiteElo "1381"]
[BlackElo "1700"]
[PlyCount "61"]
[EventDate "2023.02.03"]
[EventType "swiss"]
[EventRounds "9"]
[EventCountry "ESP"]
[SourceTitle "EXT 2024"]
[Source "ChessBase"]
[SourceDate "2023.10.10"]
[SourceVersion "1"]
[SourceVersionDate "2023.10.10"]
[SourceQuality "1"]

1. d4 Nf6 2. Bf4 e6 3. Nf3 d5 4. e3 Bd6 5. Bg3 0-0 6. Bd3 Re8 7. Nbd2 a6 8. c3 Nbd7 9. Qc2 c5 10. Bxd6 cxd4 11. exd4 e5 12. dxe5 Ng4 13. Bxh7+ Kh8 14. Bd3 Qb6 15. Nd4 Qxd6 16. f4 Ndxe5 17. 0-0-0 Nxd3+ 18. Qxd3 Nf2 19. Qf3 Nxh1 20. Qh5+ Kg8 21. Rxh1 Qf6 22. Qxd5 Be6 23. Nxe6 Rxe6 24. Qxb7 Rae8 25. Kc2 Qxf4 26. Rf1 Qe5 27. Qxf7+ Kh8 28. Rf5 Qxh2 29. Rh5+ Qxh5 30. Qxh5+ Rh6 31. Qxe8+ 1-0